000 00470nam a2200169Ia 4500
008 230718s9999 xx 000 0 und d
041 _aeng
082 _a541.3
_bCAS
100 _aCastellan G.W.
245 _aPhysical Chemistry
250 _a3rd ed.
260 _c2002
_bNarosa Publishing House
300 _a943
365 _cRs.
_b325.00
700 _aCastellan G.W.,Khanna V.M.Kapoor M.M. & Sharma V..P.
_9188725
906 _dB:1164/18.1.0518-Mar-2005
_cCHEM
_b65
999 _c310418
_d310418